Loading...
| BB | 1 | 4 | 1 | 2 | 50 | 59 | 103.60 | 0 | 1 | 0.00 | 0.00 |
| AG | 0 | 2 | 0 | 1 | 20 | 121 | 129.00 | 0 | 0 | 0.00 | 0.00 |
| MB | 1 | 1 | 1 | 0 | 20 | 52 | 64.00 | 2 | 2 | 0.00 | 0.00 |
| DM | 0 | 1 | 0 | 1 | 10 | 141 | 141.00 | 0 | 0 | 0.00 | 0.00 |
| RC | 0 | 1 | 2 | 0 | 0 | 104 | 104.00 | 0 | 1 | 0.00 | 0.00 |
| AR | 0 | 0 | 1 | 0 | -5 | 0.00 | 0 | 0 | 0.00 | 0.00 | |
| AW | 0 | 0 | 1 | 0 | -5 | 0.00 | 0 | 0 | 0.00 | 0.00 |
| MB | Claude Debussy’s Preludes | 15 | 52 |
| BB | lattices | -5 | 56 |
| BB | Liouville's theorem | 15 | 59 |
| AR | Dominican Republic | -5 | 73 |
| MB | climate | 10 | 76 |
| RC | Perl | -5 | 83 |
| MB | Avicenna | -5 | 85 |
| BB | atomic nuclei | 10 | 100 |
| RC | paper cut-outs by Henri Matisse | 10 | 104 |
| BB | palladium | 10 | 106 |